Protection of stored cereal grains and pulses/ (Record no. 1134)

MARC details
000 -LEADER
fixed length control field 00721nam a22002657a 4500
003 - CONTROL NUMBER IDENTIFIER
control field OSt
005 - DATE AND TIME OF LATEST TRANSACTION
control field 20241217142926.0
008 - FIXED-LENGTH DATA ELEMENTS--GENERAL INFORMATION
fixed length control field 240416b |||||||| |||| 00| 0 eng d
020 ## - INTERNATIONAL STANDARD BOOK NUMBER
International Standard Book Number 9077073493
040 ## - CATALOGING SOURCE
Original cataloging agency KMU
Language of cataloging eng
Transcribing agency KMU
Modifying agency KMU
Description conventions RDA
050 ## - LIBRARY OF CONGRESS CALL NUMBER
Classification number SB 190
100 ## - MAIN ENTRY--PERSONAL NAME
Personal name Inge de Groot
245 ## - TITLE STATEMENT
Title Protection of stored cereal grains and pulses/
Statement of responsibility, etc. Inge de Groot.
260 ## - PUBLICATION, DISTRIBUTION, ETC.
Place of publication, distribution, etc. Wageningen:
Name of publisher, distributor, etc. Agromisa Foundation,
Date of publication, distribution, etc. 2004.
300 ## - PHYSICAL DESCRIPTION
Extent 78 p.:
Other physical details ill, diagrams;
Dimensions 21cm.
490 ## - SERIES STATEMENT
Series statement Agrodok-series No.18
504 ## - BIBLIOGRAPHY, ETC. NOTE
Bibliography, etc. note Incudes bibliographical references.
650 ## - SUBJECT ADDED ENTRY--TOPICAL TERM
Topical term or geographic name entry element Seeds
650 ## - SUBJECT ADDED ENTRY--TOPICAL TERM
Topical term or geographic name entry element Protection
650 ## - SUBJECT ADDED ENTRY--TOPICAL TERM
Topical term or geographic name entry element Storage of seeds
650 ## - SUBJECT ADDED ENTRY--TOPICAL TERM
Topical term or geographic name entry element Cereals
650 ## - SUBJECT ADDED ENTRY--TOPICAL TERM
Source of heading or term Pulses
650 ## - SUBJECT ADDED ENTRY--TOPICAL TERM
Topical term or geographic name entry element Grains
942 ## - ADDED ENTRY ELEMENTS (KOHA)
Source of classification or shelving scheme Library of Congress Classification
Koha item type Non-Fiction
Suppress in OPAC No
Holdings
Withdrawn status Lost status Source of classification or shelving scheme Damaged status Not for loan Collection Home library Current library Shelving location Date acquired Source of acquisition Total Checkouts Full call number Barcode Date last seen Price effective from Koha item type
    Library of Congress Classification     Non-fiction Kapasa Makasa University Kapasa Makasa University Open Access 16.04.2024 Book Aid International   SB 190 Gro 743994 16.04.2024 16.04.2024 Non-Fiction
    Library of Congress Classification     Non-fiction Kapasa Makasa University Kapasa Makasa University Open Access 16.04.2024 Book Aid International   SB 190 Gro 743995 07.05.2024 16.04.2024 Non-Fiction
    Library of Congress Classification     Non-fiction Kapasa Makasa University Kapasa Makasa University Open Access 16.04.2024 Book Aid International   SB 190 Gro 750690 16.04.2024 16.04.2024 Non-Fiction
    Library of Congress Classification     Non-fiction Kapasa Makasa University Kapasa Makasa University Open Access 17.12.2024 Book Aid   SB 190 Gro 300967 17.12.2024 17.12.2024 Non-Fiction
    Library of Congress Classification     Non-fiction Kapasa Makasa University Kapasa Makasa University Open Access 17.12.2024 Book Aid   SB 190 Gro 300968 17.12.2024 17.12.2024 Non-Fiction
    Library of Congress Classification     Non-fiction Kapasa Makasa University Kapasa Makasa University Open Access 17.12.2024 Book Aid   SB 190 Gro 300970 17.12.2024 17.12.2024 Non-Fiction
    Library of Congress Classification     Non-fiction Kapasa Makasa University Kapasa Makasa University Open Access 17.12.2024 Book Aid   SB 190 Gro 300971 17.12.2024 17.12.2024 Non-Fiction
    Library of Congress Classification     Non-fiction Kapasa Makasa University Kapasa Makasa University Open Access 17.12.2024 Book Aid   SB 190 Gro 300972 17.12.2024 17.12.2024 Non-Fiction
    Library of Congress Classification     Non-fiction Kapasa Makasa University Kapasa Makasa University Open Access 17.12.2024 Book Aid   SB 190 Gro 300969 17.12.2024 17.12.2024 Non-Fiction
    Library of Congress Classification     Non-fiction Kapasa Makasa University Kapasa Makasa University Open Access 17.12.2024 Book Aid   SB 190 Gro 300974 17.12.2024 17.12.2024 Non-Fiction
    Library of Congress Classification     Non-fiction Kapasa Makasa University Kapasa Makasa University Open Access 17.12.2024 Book Aid   SB 190 Gro 300973 17.12.2024 17.12.2024 Non-Fiction